Principles of Corporate Finance / International Edition (Record no. 5786)
[ view plain ]
| 000 -LEADER | |
|---|---|
| fixed length control field | 02023cam a22002294a 4500 |
| 005 - ΗΜΕΡΟΜΗΝΙΑ ΚΑΙ ΩΡΑ ΤΕΛΕΥΤΑΙΑΣ ΕΝΗΜΕΡΩΣΗΣ | |
| Πεδίο ελέγχου | 20250605164222.0 |
| 008 - FIXED-LENGTH DATA ELEMENTS--GENERAL INFORMATION | |
| Πεδίο ελέγχου σταθερού μήκους | 250528s ||||||||||||||||||||||||d |
| 035 ## - SYSTEM CONTROL NUMBER | |
| System control number | 20700 |
| 020 ## - ISBN | |
| ISBN | 71151443 |
| 040 ## - ΠΗΓΗ ΚΑΤΑΛΟΓΟΓΡΑΦΗΣΗΣ | |
| Φορέας πρωτότυπης καταλογογράφησης | MC Athens Campus Library |
| Γλώσσα καταλογογράφησης | Ελληνικά, Μοντέρνα (1453-) |
| Modifying agency | MC Athens Campus Library |
| Κανόνες περιγραφικής καταλογογράφησης | AACR2 |
| 245 1# - ΤΙΤΛΟΣ ΚΑΙ ΔΗΛΩΣΗ ΥΠΕΥΘΥΝΟΤΗΤΑΣ | |
| Τίτλος | Principles of Corporate Finance / International Edition |
| 250 ## - EDITION STATEMENT | |
| Edition statement | 7th |
| 260 ## - PUBLICATION, DISTRIBUTION, ETC. | |
| Name of publisher, distributor, etc. | Mcgraw Hill, |
| Date of publication, distribution, etc. | 2003 |
| 300 ## - PHYSICAL DESCRIPTION | |
| Extent | 1076 |
| 505 0# - FORMATTED CONTENTS NOTE | |
| Formatted contents note | Value, Finance and the Financial Manager, How to Calculate Present Values, The Value of Common Stocks, Risk, Risk and Return, Practical Problems in Capital Budgeting, Making Sure Managers Maximize NPV, Financing Decisions and Market Efficiency, An Overview of Corporate Financing, How Corporations Issue Securities, Dividend Policy and Capital Structure, The Dividend Controversy, Financing and Valuation, Options, Spotting and Valuing Options, Real Options, Debt Financing, Valuing Debt, Leasing, Risk Management, Managing Risk, Managing International Risks, Financial Planning and Sort-Term Financial Management, Financial Analysis and Planning, Credit and Cash Management, Mergers and Corporate Control and Governance, Conclusions. |
| 520 ## - SUMMARY, ETC. | |
| Summary, etc. | Value, Finance and the Financial Manager, How to Calculate Present Values, The Value of Common Stocks, Risk, Risk and Return, Practical Problems in Capital Budgeting, Making Sure Managers Maximize NPV, Financing Decisions and Market Efficiency, An Overview of Corporate Financing, How Corporations Issue Securities, Dividend Policy and Capital Structure, The Dividend Controversy, Financing and Valuation, Options, Spotting and Valuing Options, Real Options, Debt Financing, Valuing Debt, Leasing, Risk Management, Managing Risk, Managing International Risks, Financial Planning and Sort-Term Financial Management, Financial Analysis and Planning, Credit and Cash Management, Mergers and Corporate Control and Governance, Conclusions. |
| 700 1# - ΠΡΟΣΘΕΤΗ ΑΝΑΓΡΑΦΗ--ΦΥΣΙΚΟ ΠΡΟΣΩΠΟ | |
| Personal name | Brealey Richard A |
| 9 (RLIN) | 1083 |
| 700 1# - ΠΡΟΣΘΕΤΗ ΑΝΑΓΡΑΦΗ--ΦΥΣΙΚΟ ΠΡΟΣΩΠΟ | |
| Personal name | Myers Stewart C |
| 9 (RLIN) | 1085 |
| 942 ## - ADDED ENTRY ELEMENTS (KOHA) | |
| Koha item type | Books |
| Τύπος τεκμηρίου | Βιβλιοθήκη | Τρέχουσα τοποθεσία | Barcode | Αριθμός εισαγωγής | Ημερομηνία απόκτησης | Ταξιθετικό σύμβολο | Αριθμός αντιτύπου | Κατάσταση απόσυρσης | Κατάσταση χαμένου | Κατάσταση κατεστραμμένου | Μη δανεισμός | Σύνολο δανεισμών | Ημερομηνία τελευταίας εμφάνισης | Η τιμή ισχύει από |
|---|---|---|---|---|---|---|---|---|---|---|---|---|---|---|
| Books | MC Athens Campus Library | MC Athens Campus Library | 9780000057853 | 7331 | 05/06/2025 | 658.15 BRE | 1 | 05/06/2025 | 05/06/2025 |